000 00587nam a22002057a 4500
003 UA-OsUOA
001 10201
007 ta
008 20050105b un ||||| |||| 00| 0 ukr d
100 _aПічкур Дмитро
942 _cSA
040 _aUA-OsUOA
_bukr
_cUA-OsUOA
_dUA-OsUOA
245 _aНе наступіте на листок : Поезія
300 _aС.5
955 _a0
041 _aukr
044 _aUA
773 0 _w0
_tЛітературна Україна
_dКиїв
_d2004
_g№51 /30груд./
650 7 _aХудожня література - вірші
_2UDC
999 _c296362
_d296362